Statistics for Ancient Greece... or Ancient Rome?

Click here to take the quiz!

General Stats

  • This quiz has been taken 678 times
  • The average score is 7 of 10

Answer Stats

QuestionAnswer% Correct
The Caesars ruled them.Ancient Rome
98%
One of their cities was Sparta.Ancient Greece
94%
Alexander the Great led them.Ancient Greece
93%
Who came first?Ancient Greece
91%
Who ruled longer?Ancient Rome
79%
They invented concrete.Ancient Rome
74%
They fell in B.C.E. (Before Christ or Before Common Era.)Ancient Greece
59%
They invaded Egypt.Both
59%
They invented the yo-yo.Ancient Greece
39%
They used the Silk Road.Both
36%

Score Distribution

Percentile by Number Answered

Percent of People with Each Score

Your Score History

You have not taken this quiz